00396nam a2200121Ia 4500003000400000005001700004008004100021040001800062041000800080100005000088245010100138260003500239OSt20260122111859.0211028s2015 xx 000 0 und d cAIMIT LIBRARY aeng aChengappa P D,Lahar; James, Justine.g1316078 aAnalysis of customer satisfaction with special reference to apt interiors and designers Mysore / aMangalorebJustine Jamesc2015